000 01018nam a2200229Ia 4500
003 Ost
005 20260507075354.0
008 260507s9999||||xx |||||||||||||| ||und||
020 _a14023509779
040 _cfsecg
041 _aara
082 _a330
100 _aالقرا، نغم عبد الرحمن سليم
_eمؤلف
245 0 _aدليل المستثمر الصغير /
_c نغم عبد الرحمن سليم القرا
260 _aالقاهرة:
_bدار الكتاب الحديث,
_c2012
300 _a193 صفحة؛
_bإيضاحات ؛
_c24 سم
520 _aمقدمة في علم الإقتصاد- الإستثمار- سوق الاوراق المالية والبورصة- أنواع التحليل في الاسواق- الإدارة المالية- ممارسات منهى عنها وراي الدين- الجزء العملي- اقتراحات
653 _aالإدارة المالية
653 _aالإستثمار
653 _aالأسواق المالية
942 _cكتاب
999 _c44193
_d44193